Fundamentals of signals and systems / (Record no. 11094)
[ view plain ]
| 000 -LEADER | |
|---|---|
| fixed length control field | 01489cam a2200349 a 4500 |
| 001 - CONTROL NUMBER | |
| control field | 14612159 |
| 005 - DATE AND TIME OF LATEST TRANSACTION | |
| control field | 20201128013549.0 |
| 008 - FIXED-LENGTH DATA ELEMENTS--GENERAL INFORMATION | |
| fixed length control field | 061026s2008 maua b 001 0 eng |
| 010 ## - LIBRARY OF CONGRESS CONTROL NUMBER | |
| LC control number | 2006035903 |
| 020 ## - INTERNATIONAL STANDARD BOOK NUMBER | |
| International Standard Book Number | 9780071259378 (hc : alk. paper) |
| 020 ## - INTERNATIONAL STANDARD BOOK NUMBER | |
| International Standard Book Number | 0071259376 (hc : alk. paper) |
| 020 ## - INTERNATIONAL STANDARD BOOK NUMBER | |
| International Standard Book Number | 0073309508 (set) |
| 035 ## - SYSTEM CONTROL NUMBER | |
| System control number | (OCoLC)ocm74915844 |
| 035 ## - SYSTEM CONTROL NUMBER | |
| System control number | (OCoLC)74915844 |
| 040 ## - CATALOGING SOURCE | |
| Original cataloging agency | DLC |
| Transcribing agency | DLC |
| Modifying agency | YDX |
| -- | BTCTA |
| -- | BAKER |
| -- | YDXCP |
| -- | DLC |
| 050 00 - LIBRARY OF CONGRESS CALL NUMBER | |
| Classification number | TK5102.9 |
| Item number | .R628 2008 |
| 082 00 - DEWEY DECIMAL CLASSIFICATION NUMBER | |
| Classification number | 621.3822 |
| Edition number | 22 |
| Item number | ROB |
| 100 1# - MAIN ENTRY--PERSONAL NAME | |
| Personal name | Roberts, Michael J., |
| Titles and other words associated with a name | Dr. |
| 9 (RLIN) | 2660 |
| 245 10 - TITLE STATEMENT | |
| Title | Fundamentals of signals and systems / |
| Statement of responsibility, etc | Michael J. Roberts. |
| 246 14 - VARYING FORM OF TITLE | |
| Title proper/short title | Fundamentals of signals & systems |
| 250 ## - EDITION STATEMENT | |
| Edition statement | McGraw-Hill international ed. |
| 260 ## - PUBLICATION, DISTRIBUTION, ETC. (IMPRINT) | |
| Place of publication, distribution, etc | Boston : |
| Name of publisher, distributor, etc | McGraw-Hill Higher Education, |
| Date of publication, distribution, etc | c2008. |
| 300 ## - PHYSICAL DESCRIPTION | |
| Extent | xix, 759 p. : |
| Other physical details | ill. ; |
| Dimensions | 29 cm. |
| 504 ## - BIBLIOGRAPHY, ETC. NOTE | |
| Bibliography, etc | Includes bibliographical references (p. 745-746) and index. |
| 650 #0 - SUBJECT ADDED ENTRY--TOPICAL TERM | |
| Topical term or geographic name as entry element | Signal processing |
| Form subdivision | Textbooks. |
| 9 (RLIN) | 2661 |
| 650 #0 - SUBJECT ADDED ENTRY--TOPICAL TERM | |
| Topical term or geographic name as entry element | System analysis |
| Form subdivision | Textbooks. |
| 9 (RLIN) | 2662 |
| 655 ## - INDEX TERM--GENRE/FORM | |
| -- | 5405 |
| Genre/form data or focus term | Signals and Systems- Year 1 |
| Form subdivision | |
| General subdivision | Engineering |
| Chronological subdivision | Semester 2. 2008/2009 |
| 856 41 - ELECTRONIC LOCATION AND ACCESS | |
| Materials specified | Table of contents only |
| Uniform Resource Identifier | <a href="http://www.loc.gov/catdir/toc/ecip073/2006035903.html">http://www.loc.gov/catdir/toc/ecip073/2006035903.html</a> |
| 856 42 - ELECTRONIC LOCATION AND ACCESS | |
| Materials specified | Publisher description |
| Uniform Resource Identifier | <a href="http://www.loc.gov/catdir/enhancements/fy0804/2006035903-d.html">http://www.loc.gov/catdir/enhancements/fy0804/2006035903-d.html</a> |
| 942 ## - ADDED ENTRY ELEMENTS (KOHA) | |
| Source of classification or shelving scheme | Dewey Decimal Classification |
| Item type | Book - Borrowing |
| Withdrawn status | Item status | Source of classification or shelving scheme | Damaged status | Not for loan | Vendor | Home library | Current library | Shelving location | Date acquired | Source of acquisition | Total Checkouts | Total Renewals | Full call number | Barcode | Date last seen | Date last borrowed | Koha item type | Checked out |
|---|---|---|---|---|---|---|---|---|---|---|---|---|---|---|---|---|---|---|
| Dewey Decimal Classification | Baccah | Central Library | Central Library | First floor | 22/03/2009 | 10 | 13 | 621.3822 ROB | 000015658 | 15/07/2025 | 14/04/2014 | Book - Borrowing | ||||||
| Dewey Decimal Classification | Baccah | Central Library | Central Library | First floor | 22/03/2009 | 7 | 31 | 621.3822 ROB | 000015659 | 15/07/2025 | 22/05/2014 | Book - Borrowing | ||||||
| Dewey Decimal Classification | Baccah | Central Library | Central Library | First floor | 22/03/2009 | 4 | 18 | 621.3822 ROB | 000015660 | 01/10/2015 | 01/10/2015 | Book - Borrowing | 01/11/2015 | |||||
| Dewey Decimal Classification | Baccah | Central Library | Central Library | First floor | 22/03/2009 | 1 | 621.3822 ROB | 000015661 | 15/07/2025 | 15/05/2010 | NB - Book (Non borrowing) |